Macroeconomía, empleo e ingresos (Registro nro. 3850)

Detalles MARC
000 -LEADER
fixed length control field 02219 a2200241 4500
001 - CONTROL NUMBER
control field 44909
005 - DATE AND TIME OF LATEST TRANSACTION
control field 20260407155724.0
008 - FIXED-LENGTH DATA ELEMENTS--GENERAL INFORMATION
fixed length control field 260407a2012 arg spa d
003 - CONTROL NUMBER IDENTIFIER
control field AR-UNSa-BCEJYS
040 ## - CATALOGING SOURCE
Original cataloging agency AR-UNSa-BCEJYS
Language of cataloging spa
Transcribing agency AR-UNSa-BCEJYS
080 ## - UNIVERSAL DECIMAL CLASSIFICATION NUMBER
Universal Decimal Classification number 330.101.541
Common auxiliary subdivision Macroeconomía
020 ## - INTERNATIONAL STANDARD BOOK NUMBER
International Standard Book Number 978-92-2-326093-4
041 ## - LANGUAGE CODE
Language code of text/sound track or separate title spa
100 1# - MAIN ENTRY--PERSONAL NAME
Personal name Argentina. Ministerio de Trabajo, Empleo y Seguridad Social
245 10 - TITLE STATEMENT
Title Macroeconomía, empleo e ingresos
Name of part/section of a work debates y políticas en Argentina frente a la crisis internacional 2008-2009
264 #1 - PRODUCTION, PUBLICATION, DISTRIBUTION, MANUFACTURE, AND COPYRIGHT NOTICE
Place of production, publication, distribution, manufacture Buenos Aires :
Name of producer, publisher, distributor, manufacturer OIT
Date of production, publication, distribution, manufacture, or copyright notice 2012
300 ## - PHYSICAL DESCRIPTION
Extent 363 p.
Dimensions 30 cm.
505 ## - FORMATTED CONTENTS NOTE
Formatted contents note 1. Modelos emergentes después de la crisis internacional. La configuración del capitalismo mundial / Ricardo Aronskind – 2. El modelo económico ante la crisis internacional: sostenimiento de las condiciones laborales y sociales en Argentina / Federico Pastrana; Fernando Toledo y Soledad Villafañe – 3. Análisis comparado de las experiencias de Argentina y Brasil durante la crisis internacional / Federico Pastrana; Fernando Toledo y Soledad Villafañe – 4. Comercio y empleo durante la crisis internacional: la dinámica de las exportadoras industriales / Anahí Amar y Lucia Tumini – 5. Dinámica del empleo formal en contexto de crisis / Victoria Castillo; Sofía Rojo Brizuela y Diego Schleser – 6. El impacto de las políticas laborales contracíclicas sobre el empleo asalariado registrado /Victoria Castillo; Sofía Rojo Brizuela y Diego Schleser – 7. Negociación colectiva y recuperación económica en Argentina / Héctor Palomino y Diego Trajtemberg – 8. La industria metalmecánica frente a la crisis internacional. Impacto y medidas / Nicolás Bonofiglio y Héctor Morholang – 9. Determinantes de la dinámica del empleo en el sector metalmecánico durante la crisis global. Influencia de las capacidades tecno-organizacionales y de conectividad de las firmas / Florencia Barletta; Victoria Castillo y Gabriel Yoguel.
590 ## - LOCAL NOTE (RLIN)
Local note niveau_biblio:m niveau_hierar:0
700 1# - ADDED ENTRY--PERSONAL NAME
Personal name Organización Internacional del Trabajo (OIT)
856 41 - ELECTRONIC LOCATION AND ACCESS
Uniform Resource Identifier <a href="https://www.biblioeco.unsa.edu.ar/pmb/images/libros/L127033.jpg">https://www.biblioeco.unsa.edu.ar/pmb/images/libros/L127033.jpg</a>
Link text Imagen de portada
Electronic format type image/jpeg
942 ## - ADDED ENTRY ELEMENTS (KOHA)
Koha item type
Existencias
Withdrawn status Lost status Damaged status Not for loan Home library Current library Shelving location Date acquired Total checkouts Full call number Barcode Date last seen Price effective from Koha item type
        Biblioteca Prof. Eusebio Cleto del Rey Biblioteca Prof. Eusebio Cleto del Rey   07/04/2026   330.101.541 O68 L127033 07/04/2026 07/04/2026 Libro
        Biblioteca Prof. Eusebio Cleto del Rey Biblioteca Prof. Eusebio Cleto del Rey   07/04/2026   330.101.541 O68 L127285 07/04/2026 07/04/2026 Libro